000 00686nam a2200277Ia 4500
005 20260324111516.0
008 008 260324s9999 xx 000 0 eng d
020 _a9781003394891
037 _aEBOOK
040 _aCRL
040 _beng
040 _cCRL
041 _2eng
041 _aeng
084 _qCRL
100 _aPeter G. Clote
_91138854
245 0 _aRNA: Computational Methods for Structure, Kinetics, and Rational Design: Volume One
260 _bTaylor and Francis
260 _c2025
365 _a
365 _b195
856 _uhttp://www.taylorfrancis.com/books/9781003394891
942 _cEBOOK
999 _c1727705
_d1727705